| 000 | 01479cam a2200385 a 4500 | ||
|---|---|---|---|
| 001 | 14901874 | ||
| 003 | OSt | ||
| 005 | 20140310181637.0 | ||
| 008 | 070625s2008 nyu b 001 0 eng | ||
| 010 | _a 2007025834 | ||
| 020 | _a9780764137365 (alk. paper) | ||
| 020 | _a0764137360 (alk. paper) | ||
| 040 |
_aDLC _cDLC _dDLC |
||
| 050 | 0 | 0 |
_aPE 1128 _b.L336 2008 |
| 082 | 0 | 0 |
_aTR 428.2422 _bL11 2008 |
| 100 | 1 |
_aLacie, Christina. _9897 |
|
| 245 | 1 | 0 |
_aBarron's English for foreign language speakers : _bthe easy way / _cChristina Lacie |
| 246 | 3 | 0 | _aEnglish for foreign language speakers |
| 260 |
_aHauppauge [NY] : _bBarron's Educational Series, _cc2008. |
||
| 300 |
_avii, 459 p. ; _c28 cm. |
||
| 490 | 0 | _aBarron's Educational series | |
| 490 | 0 | _aThe easy way | |
| 504 | _aIncludes bibliographical references and index. | ||
| 521 | _aFaculty | ||
| 541 | _j1 | ||
| 562 | _e1 | ||
| 650 | 0 |
_aEnglish language _vTextbooks for foreign speakers. _9898 |
|
| 650 | 0 |
_aEnglish language _xExamination _vStudy guides. _9899 |
|
| 650 | 0 |
_aEnglish language _xAbility testing. _9900 |
|
| 856 | 4 | 1 |
_3Table of contents only _uhttp://www.loc.gov/catdir/toc/ecip0721/2007025834.html |
| 856 | 4 | 2 |
_3Publisher description _uhttp://www.loc.gov/catdir/enhancements/fy0742/2007025834-d.html |
| 906 |
_a7 _bcbc _corignew _d1 _eecip _f20 _gy-gencatlg |
||
| 942 |
_2lcc _cBK-TR _kTR |
||
| 999 |
_c727 _d727 |
||